| Tag |
First Indicator |
Second Indicator |
Subfields |
| LEADER |
00000cam a2200000 4500 |
| 001 |
in00000700021 |
| 005 |
20151016051210.0 |
| 008 |
780315s1953 gaua b 00110 enge |
| 010 |
|
|
|a 53001523
|
| 035 |
|
|
|a (OCoLC)03719253
|
| 035 |
|
|
|9 ADB0006AM
|
| 040 |
|
|
|a DLC
|c MIA
|d OCL
|d TXA
|d UtOrBLW
|
| 049 |
|
|
|a TXAM
|c [272138]
|
| 050 |
0 |
0 |
|a SF65
|b .C45 1953
|
| 082 |
0 |
|
|a 636
|
| 100 |
1 |
|
|a Chapman, Paul W.
|q (Paul Wilber),
|d 1891-1953.
|
| 245 |
1 |
0 |
|a Livestock farming /
|c by Paul W. Chapman and Wayne Dinsmore.
|
| 264 |
|
1 |
|a Atlanta :
|b T. E. Smith,
|c [1953]
|
| 300 |
|
|
|a 503 pages :
|b illustrations
|
| 336 |
|
|
|a text
|b txt
|2 rdacontent
|
| 337 |
|
|
|a unmediated
|b n
|2 rdamedia
|
| 338 |
|
|
|a volume
|b nc
|2 rdacarrier
|
| 504 |
|
|
|a Includes bibliography.
|
| 650 |
|
0 |
|a Livestock
|z United States.
|
| 700 |
1 |
|
|a Dinsmore, Wayne.
|
| 999 |
|
|
|a MARS
|
| 999 |
f |
f |
|s 31042f76-b635-323a-8359-0cf2b03c234e
|i 7e1fd3bc-167d-364e-a3d4-23e0d80094f4
|t 0
|
| 952 |
f |
f |
|p ric
|a Texas A&M University
|b Rellis Campus
|c Joint Library Facility
|d Remote Storage
|t 0
|e SF65 .C45 1953
|h Library of Congress classification
|i unmediated -- volume
|m A14805230005
|
| 998 |
f |
f |
|a SF65 .C45 1953
|t 0
|l Remote Storage
|